<?xml version="1.0" encoding="UTF-8"?>
<collection xmlns="http://www.loc.gov/MARC21/slim">
<record>
  <controlfield tag="001">4621</controlfield>
  <controlfield tag="005">20251001112448.0</controlfield>
  <controlfield tag="008">271009s1694    sp      d     000 0 spa dnam a </controlfield>
  <datafield tag="040" ind1=" " ind2=" ">
    <subfield code="a">UZ.GRL</subfield>
  </datafield>
  <datafield tag="041" ind1=" " ind2=" ">
    <subfield code="a">spa</subfield>
  </datafield>
  <datafield tag="245" ind1=" " ind2=" ">
    <subfield code="a">Por el real, y militar orden de Nuestra Señora de la Merced redempcion de cautivos sobre la obligacion, y potestad, encargada al Maestro general de la Religion de nombrar vicarios generales para los de el Peru y Nueva España... :fundamentos que propone para que el supremo Real Consejo de las Indias conceda el passo a las Patentes, y Nombramientos, que el Maestro General haze de tales vicarios Generales</subfield>
  </datafield>
  <datafield tag="260" ind1=" " ind2=" ">
    <subfield code="a">En Madrid :</subfield>
    <subfield code="b">[s.n.]</subfield>
    <subfield code="c">1694</subfield>
  </datafield>
  <datafield tag="300" ind1=" " ind2=" ">
    <subfield code="a">[4], 136 p. [28] p. ;</subfield>
    <subfield code="c">30 cm.</subfield>
  </datafield>
  <datafield tag="500" ind1=" " ind2=" ">
    <subfield code="a">Anteport. con grab. calc. de San Pedro Nolasco</subfield>
  </datafield>
  <datafield tag="500" ind1=" " ind2=" ">
    <subfield code="a">Aparece en p. 136 Pedro Mangas como autor</subfield>
  </datafield>
  <datafield tag="538" ind1=" " ind2=" ">
    <subfield code="a">Texto completo System requirements: PC, World Wide Web Browser and DJVU reader</subfield>
  </datafield>
  <datafield tag="538" ind1=" " ind2=" ">
    <subfield code="a">Texto completo Available electronically via Internet</subfield>
  </datafield>
  <datafield tag="540" ind1=" " ind2=" ">
    <subfield code="9">info:eu-repo/semantics/openAccess</subfield>
    <subfield code="a">by</subfield>
    <subfield code="u">https://creativecommons.org/licenses/by/4.0/deed.es</subfield>
  </datafield>
  <datafield tag="752" ind1=" " ind2=" ">
    <subfield code="a">España</subfield>
  </datafield>
  <datafield tag="856" ind1="4" ind2=" ">
    <subfield code="s">25167851</subfield>
    <subfield code="u">http://zaguan.unizar.es/record/4621/files/G_63_101.djvu</subfield>
    <subfield code="z">Texto completo</subfield>
  </datafield>
  <datafield tag="907" ind1=" " ind2=" ">
    <subfield code="a">.b1552854</subfield>
  </datafield>
  <datafield tag="909" ind1="C" ind2="O">
    <subfield code="o">oai:zaguan.unizar.es:4621</subfield>
    <subfield code="p">fondo-historico</subfield>
    <subfield code="p">driver</subfield>
  </datafield>
  <datafield tag="980" ind1=" " ind2=" ">
    <subfield code="a">FH</subfield>
    <subfield code="b">fondos</subfield>
  </datafield>
</record>
</collection>